Statistiques concernant Traduction de Vocabulaire en Anglais Aléatoire

Cliquez ici pour prendre le quiz!

Statistiques générales

  • Ce quiz a été pris 955 812 fois
  • Le résultat moyen est 23 sur 30

Statistiques - réponses

FrançaisAnglais% Correct
Bébé (n.)B{aby}
97%
Être (v.)B{e}
97%
Noir (adj.)B{lack}
97%
Garçon (n.)B{oy}
97%
Voiture (n.)C{ar}
97%
Chien (n.)D{og}
97%
Cinq (n.)F{ive}
97%
Lundi (n.)M{onday}
97%
Sept (n.)S{even}
97%
Soleil (n.)S{un}
97%
Avril (n.)A{pril}
96%
Banane (n.)B{anana}
96%
Bleu (adj.)B{lue}
96%
Frère (n.)B{rother}
96%
Chat (n.)C{at}
96%
Jour (n.)D{ay}
96%
Décembre (n.)D{ecember}
96%
Manger (v.)E{at}
96%
Onze (n.)E{leven}
96%
Père (n.)F{ather}
96%
Poisson (n.)F{ish}
96%
Vendredi (n.)F{riday}
96%
Ami (n.)F{riend}
96%
Aller (v.)G{o}
96%
Vert (adj.)G{reen}
96%
Bonjour (n.)H{ello}
96%
Chaud (adj.)H{ot}
96%
Tuer (v.)K{ill}
96%
Roi (n.)K{ing}
96%
Jamais (adv.)N{ever}
96%
Nouveau (adj.)N{ew}
96%
Non (adv.)N{o}
96%
Novembre (n.)N{ovember}
96%
Octobre (n.)O{ctober}
96%
Stylo (n.)P{en}
96%
Jouer (v.)P{lay}
96%
Rouge (adj.)R{ed}
96%
Septembre (n.)S{eptember}
96%
Sœur (n.)S{ister}
96%
Six (n.)S{ix}
96%
Dix (n.)T{en}
96%
Aujourd'hui (adv.)T{oday}
96%
Deux (n.)T{wo}
96%
Eau (n.)W{ater}
96%
Année (n.)Y{ear}
96%
Jaune (adj.)Y{ellow}
96%
Oui (adv.)Y{es}
96%
Lit (n.)B{ed}
95%
Anniversaire (n.)B{irthday}
95%
Froid (adj.)C{old}
95%
Rêve (n.)D{ream}
95%
Huit (n.)E{ight}
95%
Œil (n.)E{ye}
95%
Quatre (n.)F{our}
95%
Cheveux (n.)H{air}
95%
Heureux (adj.)H{appy}
95%
Avoir (v.)H{ave}
95%
Aide (n.)H{elp}
95%
Sauter (v.)J{ump}
95%
Bisou (n.)K{iss}
95%
Gauche (n.)L{eft}
95%
Mère (n.)M{other}
95%
Musique (n.)M{usic}
95%
Ouvrir (v.)O{pen}
95%
Reine (n.)Q{ueen}
95%
Courir (v.)R{un}
95%
Triste (adj.)S{ad}
95%
Voir (v.)S{ee}
95%
Dormir (v.)S{leep}
95%
Arrêter (v.)S{top}
95%
Dimanche (n.)S{unday}
95%
Tomate (n.)T{omato}
95%
Semaine (n.)W{eek}
95%
Blanc (adj.)W{hite}
95%
Monde (n.)W{orld}
95%
Après (adv.)A{fter}
94%
Grand/gros (adj.)B{ig}
94%
Gâteau (n.)C{ake}
94%
Appeler (v.)C{all}
94%
Enfant (n.)C{hild}
94%
Venir (v.)C{ome}
94%
Couper (v.)C{ut}
94%
Œuf (n.)E{gg}
94%
Visage (n.)F{ace}
94%
Feu (n.)F{ire}
94%
Au revoir (n.)G{oodbye}
94%
Main (n.)H{and}
94%
Cœur (n.)H{eart}
94%
Cheval (n.)H{orse}
94%
Janvier (n.)J{anuary}
94%
Juin (n.)J{une}
94%
Lion (n.)L{ion}
94%
Mai (n.)M{ay}
94%
Lune (n.)M{oon}
94%
Matin (n.)M{orning}
94%
Maintenant (adv.)N{ow}
94%
Vieux (adj.)O{ld}
94%
Samedi (n.)S{aturday}
94%
Chanter (v.)S{ing}
94%
Nager (v.)S{wim}
94%
Merci (n.)T{hank} {you}
94%
Trois (n.)T{hree}
94%
Oncle (n.)U{ncle}
94%
Bienvenue (interj.)W{elcome}
94%
Où (adv.)W{here}
94%
Pourquoi (adv.)W{hy}
94%
Fenêtre (n.)W{indow}
94%
Travailler (v.)W{ork}
94%
Août (n.)A{ugust}
93%
Parce que (conj.)B{ecause}
93%
Fermer (v.)C{lose}
93%
Pleurer (v.)C{ry}
93%
Danser (v.)D{ance}
93%
Fleur (n.)F{lower}
93%
Nourriture (n.)F{ood}
93%
Tête (n.)H{ead}
93%
Vivre (v.)L{ive}
93%
Nez (n.)N{ose}
93%
Nombre (n.)N{umber}
93%
Huile (n.)O{il}
93%
Lire (v.)R{ead}
93%
Neige (n.)S{now}
93%
Vingt (n.)T{wenty}
93%
Ouest (n.)W{est}
93%
Quand (adv.)W{hen}
93%
Écrire (v.)W{rite}
93%
Hier (adv.)Y{esterday}
93%
Sac (n.)B{ag}
92%
Vélo (n.)B{icycle}
92%
Oiseau (n.)B{ird}
92%
Acheter (v.)B{uy}
92%
Fromage (n.)C{heese}
92%
Porte (n.)D{oor}
92%
Pied (n.)F{oot}
92%
Juillet (n.)J{uly}
92%
Souris (n.)M{ouse}
92%
Cochon (n.)P{ig}
92%
Dix-sept (n.)S{eventeen}
92%
Sourire (v.)S{mile}
92%
Étoile (n.)S{tar}
92%
Sucre (n.)S{ugar}
92%
(le) Meilleur (adj.)(the) B{est}
92%
Jouet (n.)T{oy}
92%
Vrai (adj.)T{rue}
92%
Douze (n.)T{welve}
92%
Comprendre (v.)U{nderstand}
92%
Très (adv.)V{ery}
92%
Guerre (n.)W{ar}
92%
Loup (n.)W{olf}
92%
Jeune (adj.)Y{oung}
92%
En colère (adj.)A{ngry}
91%
Salle de bain (n.)B{athroom}
91%
Sang (n.)B{lood}
91%
Ordinateur (n.)C{omputer}
91%
Faux (adj.)F{alse}
91%
Combat (n.)F{ight}
91%
Jardin (n.)G{arden}
91%
Or (métal) (n.)G{old}
91%
Maison (n.)H{ouse}
91%
Cuisine (n.)K{itchen}
91%
Savoir (v.)K{now}
91%
Apprendre (v.)L{earn}
91%
Lumière (n.)L{ight}
91%
Écouter (v.)L{isten}
91%
Mois (n.)M{onth}
91%
Nord (n.)N{orth}
91%
Fils (n.)S{on}
91%
Équipe (n.)T{eam}
91%
Toujours (adv.)A{lways}
90%
Chambre (n.)B{edroom}
90%
Corps (n.)B{ody}
90%
Patron (n.)B{oss}
90%
Robe (n.)D{ress}
90%
Canard (n.)D{uck}
90%
Rapide (adj.)F{ast}
90%
Février (n.)F{ebruary}
90%
Doigt (n.)F{inger}
90%
Gris (adj.)G{rey}
90%
Jambe (n.)L{eg}
90%
Musée (n.)M{useum}
90%
Rose (adj.)P{ink}
90%
Pluie (n.)R{ain}
90%
Sérieux (adj.)S{erious}
90%
Seize (n.)S{ixteen}
90%
Serpent (n.)S{nake}
90%
Araignée (n.)S{pider}
90%
Arbre (n.)T{ree}
90%
Mardi (n.)T{uesday}
90%
Après-midi (n.)A{fternoon}
89%
Ours (n.)B{ear}
89%
Bière (n.)B{eer}
89%
Avant (adv.)B{efore}
89%
Bouteille (n.)B{ottle}
89%
Poulet (n.)C{hicken}
89%
Noël (n.)C{hristmas}
89%
Vache (n.)C{ow}
89%
Tomber (v.)F{all}
89%
Détester (v.)H{ate}
89%
Dix-neuf (n.)N{ineteen}
89%
Rien (pron.)N{othing}
89%
Paix (n.)P{eace}
89%
Mer (n.)S{ea}
89%
Petit (adj.)S{mall}
89%
Sud (n.)S{outh}
89%
Enseigner (v.)T{each}
89%
Penser (v.)T{hink}
89%
Marcher (v.)W{alk}
89%
Bras (n.)A{rm}
88%
Abeille (n.)B{ee}
88%
Chaise (n.)C{hair}
88%
Nettoyer (v.)C{lean}
88%
Mourir (v.)D{ie}
88%
Dix-huit (n.)E{ighteen}
88%
Lunettes (n.)G{lasses}
88%
Cent (n.)H{undred}
88%
Île (n.)I{sland}
88%
Ou (conj.)O{r}
88%
Chanson (n.)S{ong}
88%
Jeudi (n.)T{hursday}
88%
Demain (adv.)T{omorrow}
88%
Vouloir (v.)W{ant}
88%
Construire (v.)B{uild}
87%
Forêt (n.)F{orest}
87%
Fantôme (n.)G{host}
87%
Mari (n.)H{usband}
87%
Blague (n.)J{oke}
87%
Mars (n.)M{arch}
87%
Bouche (n.)M{outh}
87%
Salade (n.)S{alad}
87%
Saison (n.)S{eason}
87%
Ciel (n.)S{ky}
87%
Rester (v.)S{tay}
87%
Jumeau (n.)T{win}
87%
Pastèque (n.)W{atermelon}
87%
Pain (n.)B{read}
86%
Cinquante (n.)F{ifty}
86%
Entendre (v.)H{ear}
86%
Sel (n.)S{alt}
86%
Soixante (n.)S{ixty}
86%
Parfois (adv.)S{ometimes}
86%
Fraise (n.)S{trawberry}
86%
Devenir (v.)B{ecome}
85%
Mieux (adv. adj.)B{etter}
85%
Oreille (n.)E{ar}
85%
Quinze (n.)F{ifteen}
85%
Suivre (v.)F{ollow}
85%
Quatorze (n.)F{ourteen}
85%
Verre (n.)G{lass}
85%
Si (conj.)I{f}
85%
Mémoire (n.)M{emory}
85%
Minuit (n.)M{idnight}
85%
Un (chiffre) (n.)O{ne}
85%
Crayon (n.)P{encil}
85%
Chaussure (n.)S{hoe}
85%
Commencer (v.)S{tart}
85%
Vin (n.)W{ine}
85%
Boîte (n.)B{ox}
84%
Beurre (n.)B{utter}
84%
Nuage (n.)C{loud}
84%
Voler (v.)F{ly}
84%
Frites (n.)F{ries}
84%
Grenouille (n.)F{rog}
84%
Tard (adv.)L{ate}
84%
Rire (v.)L{augh}
84%
Amoureux (n.)L{over}
84%
Viande (n.)M{eat}
84%
Timide (adj.)S{hy}
84%
Rue (n.)S{treet}
84%
Parapluie (n.)U{mbrella}
84%
Mercredi (n.)W{ednesday}
84%
Cerveau (n.)B{rain}
83%
Tasse (n.)C{up}
83%
Ressentir (v.)F{eel}
83%
Renard (n.)F{ox}
83%
Couteau (n.)K{nife}
83%
Chaussette (n.)S{ock}
83%
Mille (n.)T{housand}
83%
Mur (n.)W{all}
83%
Plein (adj.)F{ull}
82%
Pomme de terre (n.)P{otato}
82%
Légume (n.)V{egetable}
82%
Sorcière (n.)W{itch}
82%
Répondre (v.)A{nswer}
81%
Quatre-vingt (n.)E{ighty}
81%
Grandir (v.)G{row}
81%
Ongle (n.)N{ail}
81%
Anneau (n.)R{ing}
81%
Route (n.)R{oad}
81%
Peau (n.)S{kin}
81%
Avertissement (n.)W{arning}
81%
Bois (n.)W{ood}
81%
Annuler (v.)C{ancel}
80%
Liberté (n.)F{reedom}
80%
Espérer (v.)H{ope}
80%
Souvent (adv.)O{ften}
80%
Soixante-dix (n.)S{eventy}
80%
Trente (n.)T{hirty}
80%
Cerise (n.)C{herry}
79%
Enfin (adv.)F{inally}
79%
Jambon (n.)H{am}
79%
Enfer (n.)H{ell}
79%
Genou (n.)K{nee}
79%
Treize (n.)T{hirteen}
79%
Zèbre (n.)Z{ebra}
79%
Chauve-souris (n.)B{at}
78%
Bœuf (n.)B{eef}
78%
Seigneur (n.)L{ord}
78%
Courrier (n.)M{ail}
78%
Cou (n.)N{eck}
78%
Cauchemar (n.)N{ightmare}
78%
Riz (n.)R{ice}
78%
Vendre (v.)S{ell}
78%
Calendrier (n.)C{alendar}
77%
Couronne (n.)C{rown}
77%
Montagne (n.)M{ountain}
77%
Quatre-vingt-dix (n.)N{inety}
77%
Éponge (n.)S{ponge}
77%
Mariage (n.)W{edding}
77%
Vent (n.)W{ind}
77%
Biscuit (n.)B{iscuit}
76%
Soir (n.)E{vening}
76%
Chèvre (n.)G{oat}
76%
Mélanger (v.)M{ix}
76%
Raconter (v.)T{ell}
76%
Brun (adj.)B{rown}
75%
Camion (n.)T{ruck}
75%
Tante (n.)A{unt}
74%
Eglise (n.)C{hurch}
74%
Sentir (v.)S{mell}
74%
Horloge (n.)C{lock}
73%
Prier (v.)P{ray}
73%
Sable (n.)S{and}
73%
Père Noël (n.)S{anta} {Claus}
73%
Naissance (n.)B{irth}
72%
Carotte (n.)C{arrot}
72%
Champignon (n.)M{ushroom}
72%
Célibataire (adj.)S{ingle}
72%
Siècle (n.)C{entury}
71%
Quarante (n.)F{orty}
71%
Voisin (n.)N{eighbor}
71%
Poivre (n.)P{epper}
71%
Mouton (n.)S{heep}
71%
Épaule (n.)S{houlder}
71%
Fumée (n.)S{moke}
71%
Âme (n.)S{oul}
71%
Epice (n.)S{pice}
71%
Espion (n.)S{py}
71%
Haricot (n.)B{ean}
70%
Dauphin (n.)D{olphin}
70%
Raisin (n.)G{rape}
70%
Assiette (n.)P{late}
70%
Soldat (n.)S{oldier}
70%
Oignon (n.)O{nion}
69%
Effrayé (adj.)S{cared}
69%
Savon (n.)S{oap}
69%
Tôt (adv.)E{arly}
68%
Jardinier (n.)G{ardener}
68%
Sol (n.)G{round}
68%
Neuf (n.)N{ine}
68%
Saucisse (n.)S{ausage}
68%
Cravate (n.)T{ie}
68%
Herbe (n.)G{rass}
67%
Léger (adj.)L{ight}
67%
Journal (n.)N{ewspaper}
67%
Argent (métal) (n.)S{ilver}
67%
Jupe (n.)S{kirt}
67%
Estomac (n.)S{tomach}
67%
Larme (n.)T{ear}
67%
Dent (n.)T{ooth}
67%
Vide (adj.)E{mpty}
66%
Paradis (n.)H{eaven}
66%
Oreiller (n.)P{illow}
66%
Ombre (n.)S{hadow}
66%
Botte (n.)B{oot}
65%
Citoyen (n.)C{itizen}
65%
Sourcil (n.)E{yebrow}
65%
Avion (n.)A{irplane}
64%
Pâques (n.)E{aster}
64%
Fourchette (n.)F{ork}
64%
Pieuvre (n.)O{ctopus}
64%
Langue (organe) (n.)T{ongue}
64%
Fée (n.)F{airy}
63%
Bijou (n.)J{ewel}
63%
Clavier (n.)K{eyboard}
63%
Fleuve (n.)R{iver}
63%
Mouche (n.)F{ly}
62%
Lourd (adj.)H{eavy}
62%
Confiture (n.)J{am}
62%
Citrouille (n.)P{umpkin}
62%
Tempète (n.)S{torm}
62%
Saigner (v.)B{leed}
61%
Sirène (n.)M{ermaid}
61%
Noix (n.)N{ut}
61%
Chiot (n.)P{uppy}
61%
Orteil (n.)T{oe}
61%
Volcan (n.)V{olcano}
61%
Boulangerie (n.)B{akery}
60%
Ceinture (n.)B{elt}
60%
Chaton (n.)K{itten}
60%
Fou (adj.)M{ad}
60%
Toit (n.)R{oof}
60%
Sieste (n.)N{ap}
58%
Chute d'eau (n.)W{aterfall}
58%
Tapis (n.)C{arpet}
57%
Fusée (n.)R{ocket}
57%
Chemise (n.)S{hirt}
57%
Cuillère (n.)S{poon}
57%
Grotte (n.)C{ave}
56%
Gant (n.)G{love}
55%
Atterrir (v.)L{and}
55%
Baleine (n.)W{hale}
55%
Souffler (v.)B{low}
54%
Respirer (v.)B{reathe}
54%
Usine (n.)F{actory}
54%
Marteau (n.)H{ammer}
54%
Sucré (adj.)S{weet}
54%
Corne (n.)H{orn}
53%
Feuille (d'arbre) (n.)L{eaf}
52%
Hibou (n.)O{wl}
52%
Rugir (v.)R{oar}
52%
Rouler (v.)R{oll}
52%
Ail (n.)G{arlic}
50%
Affiche (n.)P{oster}
50%
Valise (n.)S{uitcase}
50%
Chuchoter (v.)W{hisper}
50%
Creuser (v.)D{ig}
49%
Casque (n.)H{elmet}
49%
Encre (n.)I{nk}
49%
Aimant (n.)M{agnet}
49%
Moustique (n.)M{osquito}
49%
Neveu (n.)N{ephew}
49%
Four (n.)O{ven}
49%
Gomme (n.)R{ubber}
49%
Épinard (n.)S{pinach}
49%
Trompette (n.)T{rumpet}
49%
Armure (n.)A{rmor}
48%
Taureau (animal) (n.)B{ull}
48%
Colline (n.)H{ill}
48%
Écharpe (n.)S{carf}
48%
Pantalon (n.)T{rousers}
48%
Hauteur (n.)H{eight}
47%
Ciseaux (n.)S{cissors}
46%
Violon (n.)V{iolin}
46%
Lézard (n.)L{izard}
45%
Moto (n.)M{otorbike}
45%
Oser (v.)D{are}
44%
Couverture (n.)B{lanket}
43%
Girafe (n.)G{iraffe}
43%
Méduse (n.)J{ellyfish}
42%
Meuble (n.)F{urniture}
41%
Poumon (n.)L{ung}
41%
Pouce (doigt) (n.)T{humb}
41%
Agneau (n.)L{amb}
40%
Siffler (v.)W{histle}
39%
Lame (n.)B{lade}
38%
Chandelle (n.)C{andle}
38%
Homard (n.)L{obster}
38%
Hippocampe (n.)S{eahorse}
38%
Éternuer (v.)S{neeze}
38%
Boucher (n.)B{utcher}
37%
Menton (n.)C{hin}
37%
Goutte (n.)D{rop}
37%
Arroser (v.)W{ater}
37%
Raton laveur (n.)R{accoon}
36%
Poignet (n.)W{rist}
36%
Grippe (n.)F{lu}
35%
Hyène (n.)H{yena}
35%
Prêtre (n.)P{riest}
35%
Acier (n.)S{teel}
35%
Ficelle (n.)S{tring}
35%
Longueur (n.)L{ength}
34%
Heureusement (adv.)F{ortunately}
33%
Gratte-ciel (n.)S{kyscraper}
33%
Guèpe (n.)W{asp}
33%
Falaise (n.)C{liff}
32%
Cadavre (n.)C{orpse}
31%
Cochon d'Inde (n.)G{uinea} {pig}
30%
Étroit (adj.)N{arrow}
30%
Poubelle (n.)G{arbage} {can}
29%
Balançoire (n.)S{wing}
29%
Amer (adj.)B{itter}
28%
Profondeur (n.)D{epth}
28%
Estuaire (n.)E{stuary}
28%
Clou (n.)N{ail}
28%
Armoire (n.)W{ardrobe}
28%
Scie (n.)S{aw}
27%
Aurore (n.)D{awn}
26%
Balai (n.)B{room}
25%
Cuivre (n.)C{opper}
25%
Cheminée (n.)C{himney}
23%
Narine (n.)N{ostril}
22%
Tournevis (n.)S{crewdriver}
22%
Pantoufle (n.)S{lipper}
20%
Couvercle (n.)L{id}
18%
Montgolfière (n.)H{ot} {air} {balloon}
17%
Crepuscule (n.)D{usk}
14%
Sauterelle (n.)G{rasshopper}
14%
Plomb (n.)L{ead}
14%
Bélier (n.)R{am}
13%
Grue (n.)C{rane}
12%

Distribution des résultats

Percentile par nombre de réponses

% des personnes avec chaque résultat

Votre développement - résultats

Vous n’avez pas pris ce quiz